[Event "USA-ch Seniors 2020"]
[Site "Saint Louis"]
[Date "2020.10.18"]
[Round "5.2"]
[White "Yermolinsky, Alex"]
[Black "Gurevich, Dmitry"]
[Result "1/2-1/2"]
[WhiteElo "2486"]
[BlackElo "2399"]
[Annotator "TA"]
[PlyCount "71"]
[EventDate "2020.10.17"]
[EventType "tourn"]
[EventCountry "USA"]
[SourceTitle "playchess.com"]
[Source "ChessBase"]
[SourceQuality "1"]

{[%evp 11,71,16,18,20,25,20,30,29,22,29,25,-9,62,26,39,18,58,17,10,20,29,0,34,0,0,0,6,-35,22,0,9,15,22,0,0,0,1,0,0,0,0,0,0,0,18,0,0,0,0,-3,0,-7,0,0,11,0,0,0,0,0,0,-13]} 1. d4 {Atalik,S} Nf6 2. Nf3 e6 3. c4 d5 4. Nc3 Be7 5. Bf4 O-O 6. e3 b6 7. Qa4 {[#] D37: Queen's Gambit Declined: 5 Bf4.} a6 $146 ({Predecessor:} 7... dxc4 8. Qxc4 Na6 9. Rd1 Bb7 10. Be2 Qc8 11. O-O c5 12. Rc1 cxd4 13. Qxd4 Qc5 14. Nb5 Qxd4 15. Nfxd4 {1-0 (50) Atalik,S (2525)-Sahil,T (2229) Nis 2017 CBM 180 [Atalik,S]}) 8. cxd5 exd5 9. Rd1 {White has an edge.} Bb7 10. Ne5 Nh5 11. Bg3 h6 (11... g6 $11) 12. Be2 (12. Bd3 {seems wilder.} Qd6 13. Bb1 f5 14. O-O Kh7 15. Bf4) 12... Nxg3 13. hxg3 Bd6 14. Bf3 c6 15. Nd3 Nd7 {[%cal Bb8d7,Bd7f6,Bf6e4][%mdl 32]} 16. O-O Nf6 17. b4 Qe7 18. Qb3 Ne4 19. a4 Rae8 (19... Nxg3 $15 20. fxg3 Bxg3) 20. Ne2 {The position is equal.} b5 21. Nc5 Bc8 22. axb5 axb5 23. Bxe4 dxe4 24. Nc3 Bxc5 25. bxc5 Be6 26. d5 cxd5 27. Qxb5 Rc8 28. Nxd5 Qxc5 29. Qxc5 Rxc5 30. Nf4 Bg4 31. Rd4 Re5 32. Rc1 g5 33. Nd5 {[#] And now Nf6+ would win.} Kg7 34. Rc6 Be6 35. Nc3 Bf5 36. Rd5 {Av CentiPawn Loss W=-10/B=-10. Weighted=-12/-9} 1/2-1/2

[Event "USA-ch Seniors 2020"]
[Site "Saint Louis"]
[Date "2020.10.18"]
[Round "5.3"]
[White "Novikov, Igor"]
[Black "Kaidanov, Gregory"]
[Result "1/2-1/2"]
[WhiteElo "2554"]
[BlackElo "2549"]
[Annotator "TA"]
[PlyCount "44"]
[EventDate "2020.10.17"]
[EventType "tourn"]
[EventCountry "USA"]
[SourceTitle "playchess.com"]
[Source "ChessBase"]
[SourceQuality "1"]

{[%evp 22,44,-6,0,-4,-1,-2,0,7,15,25,11,31,9,18,12,15,12,22,0,16,0,19,0,22]} 1. d4 d5 2. c4 c6 3. Nf3 Nf6 4. Nc3 e6 5. cxd5 exd5 6. Qc2 Be7 7. Bg5 g6 8. e3 Bf5 9. Bd3 Bxd3 10. Qxd3 O-O 11. Bxf6 Bxf6 12. b4 {[%cal Bb2b4,Bb4b5][%mdl 32]} a6 {D36: Queen's Gambit Declined: Exchange Variation: Main line (5 Bg5 c6 6 Qc2).} 13. O-O Nd7 14. a4 Be7 15. b5 {[#]} a5 $146 ({Predecessor:} 15... axb5 16. axb5 Bd6 17. Rfc1 Nb6 18. g3 Qd7 19. bxc6 bxc6 20. Rab1 Rfb8 21. Kg2 Kg7 {1-0 (91) Anastasian,A (2579)-Magalashvili,D (2389) Yerevan 2004}) 16. Rfc1 Bd6 17. Rc2 Nb6 {The position is equal.} 18. bxc6 bxc6 19. Rac1 Ba3 20. Ra1 Bd6 21. Rac1 Ba3 22. Ra1 Bd6 {A rather calm draw. Av CentiPawn Loss W=-3/B=-10. Weighted=-2/-10} 1/2-1/2

[Event "USA-ch Seniors 2020"]
[Site "Saint Louis"]
[Date "2020.10.18"]
[Round "5.4"]
[White "Christiansen, Larry"]
[Black "Goldin, Alexander"]
[Result "1-0"]
[WhiteElo "2567"]
[BlackElo "2542"]
[Annotator "TA"]
[PlyCount "73"]
[EventDate "2020.10.17"]
[EventType "tourn"]
[EventCountry "USA"]
[SourceTitle "playchess.com"]
[Source "ChessBase"]
[SourceQuality "1"]

{[%evp 13,73,0,0,0,0,0,-14,-29,-21,-29,-19,-37,-45,-54,-37,-37,-37,-27,-28,-25,-33,-44,-58,-29,-17,-20,0,0,0,0,0,0,-4,-10,0,0,7,-16,71,61,140,140,189,165,217,243,289,273,277,257,664,729,960,956,1445,762,1168,1106,1121,1036,29994,29995]} 1. d4 d5 2. Nc3 Nf6 3. Bg5 Nbd7 4. e3 g6 5. Nf3 Bg7 6. Be2 O-O 7. O-O c6 8. h3 {D01: Veresov Opening.} a5 {[#]} 9. Bd3 $146 ({Predecessor:} 9. a4 Re8 10. Bf4 Nh5 11. Bh2 f5 12. Ne5 Nhf6 13. Na2 Nxe5 14. Bxe5 Be6 15. Nc1 {1-0 (78) Frosch,E (2275)-Nickl,K (2155) Leiner 1996}) 9... b5 {[%cal Bb7b5,Bb5b4][%mdl 32]} 10. Qe2 {The position is equal.} Bb7 11. Rad1 Re8 12. e4 b4 13. Na4 dxe4 14. Bxe4 Nxe4 15. Qxe4 Qc8 {White must now prevent ...c5.} 16. Qe3 Ba6 17. Rfe1 Bb5 18. Qb3 Qa6 19. Bf4 Bc4 20. Qe3 Bb5 21. Nc5 Nxc5 22. dxc5 Bc4 23. Ne5 Bd5 24. Bh6 Bh8 25. Rd4 f6 (25... Bxe5 $11 26. Qxe5 f6) 26. Nd7 $36 {[%mdl 2048] White fights for an advantage.} Rad8 ({Black should try} 26... e5 $14) 27. Nb6 {White threatens Rxd5 and mate.} e5 {[#]} 28. Rd2 $1 Qb7 {[#]} (28... f5 $142 29. Bg5 f4) 29. Red1 $1 $18 Qf7 {[#]} 30. c4 $1 {[%mdl 512]} bxc3 (30... Bxc4 31. Rxd8) 31. bxc3 {Hoping for c4!} ({But not} 31. Qxc3 $6 g5 $16) 31... Rb8 $2 (31... Qc7 32. Nxd5 cxd5 33. Rxd5 Rxd5 34. Rxd5 Bg7 35. Bxg7 Kxg7) 32. Nxd5 cxd5 33. Rxd5 Rbc8 34. a4 Rc7 {[#]} 35. c6 $1 {[%mdl 576] Deflection} Rxc6 36. Rd7 {aiming for Qa7.} Qe6 {[#]} 37. Qa7 $1 {[%mdl 512] Av CentiPawn Loss W=-29/B=-99. Weighted=-21/-100} 1-0

[Event "USA-ch Seniors 2020"]
[Site "Saint Louis"]
[Date "2020.10.18"]
[Round "6.1"]
[White "Kaidanov, Gregory"]
[Black "Christiansen, Larry"]
[Result "1/2-1/2"]
[WhiteElo "2549"]
[BlackElo "2567"]
[Annotator "TA"]
[PlyCount "136"]
[EventDate "2020.10.17"]
[EventType "tourn"]
[EventCountry "USA"]
[SourceTitle "playchess.com"]
[Source "ChessBase"]
[SourceQuality "1"]

{[%evp 21,136,29,29,25,35,10,14,8,19,8,20,0,15,0,29,3,2,0,0,3,21,0,0,0,0,0,0,0,0,0,0,0,0,0,0,0,0,-6,0,0,0,-18,0,-5,0,0,0,-4,0,-31,0,-46,0,0,0,0,0,0,0,0,0,0,0,0,8,8,29996,0,0,0,0,0,0,0,0,0,0,0,0,0,137,0,0,0,0,0,0,0,0,0,0,-8,-8,-8,-8,-8,-8,-8,-8,-8,-8,-8,0,0,0,0,0,0,0,0,0,0,0,0,0,0,0]} 1. Nf3 e6 2. g3 b6 3. Bg2 Bb7 4. O-O Nf6 5. c4 c5 6. Nc3 Be7 7. b3 O-O 8. Bb2 d6 9. d4 cxd4 10. Nxd4 Bxg2 11. Kxg2 Qc7 12. e4 {has lost popularity (12.e3). A30: Symmetrical English: Double Fianchetto and Hedgehog.} a6 13. f4 Nc6 14. Nxc6 Qxc6 15. Qf3 Rac8 16. Rac1 {[#]} Rfd8 $146 ({Predecessor:} 16... Qa8 17. e5 Qxf3+ 18. Rxf3 dxe5 19. fxe5 Nd7 20. Ne4 b5 21. c5 b4 22. c6 Nb6 {0-1 (41) De Wit,T (2205)-Rothuis,V (2276) Hengelo 2005}) 17. Rfe1 Bf8 18. Nd1 Nd7 19. Nf2 Qb7 20. Ng4 e5 21. fxe5 Nxe5 22. Bxe5 dxe5 23. Rcd1 b5 24. Nxe5 f6 25. Rxd8 Rxd8 26. Nd3 bxc4 27. bxc4 Rd4 28. Nf4 Rxc4 29. Re2 Rd4 30. Nd5 Qb5 31. h4 Qd3 32. Re3 Qc2+ 33. Re2 Qd3 34. Re3 $132 {[%mdl 2048] White puts up resistance} Qc2+ 35. Kh3 Rd2 {[#] aiming for ...Rh2+.} 36. Qf5 Rh2+ (36... h5 $5 37. Nxf6+ gxf6 38. Qg6+ Kh8 39. Qxh5+ Kg7 40. Qg4+ Kf7 41. Qh5+ Ke7 42. Qh7+ Kd6 $17) 37. Kg4 Qd1+ 38. Rf3 Rf2 39. h5 Rxf3 40. Qxf3 Qb1 41. h6 Qxa2 42. Qf5 Qe2+ 43. Kh3 {And now hxg7 would win.} g6 $2 {[%mdl 8192] [#]} (43... Qd1 $11) 44. Nxf6+ $2 (44. Qe6+ {mates} Kh8 45. Qxf6+ {[%mdl 64] Double Attack} Kg8 46. Ne7+ {[%mdl 64] Overworked Piece} Bxe7 47. Qg7#) 44... Kf7 45. Qf4 Ke6 {Hoping for ...Bd6.} 46. Ng4 {Threatening mate with Qf6+.} Be7 47. Qe5+ Kd7 48. Qd5+ Kc7 49. Qf7 Qxe4 50. Qxh7 Qh1+ 51. Nh2 Qe4 {The position is equal.} 52. Qf7 {Black must now prevent h7.} Qf5+ $1 53. Qxf5 gxf5 $11 {[%mdl 4096] Endgame KB-KN} 54. Nf3 a5 55. Nd4 Bf6 56. Nxf5 a4 57. Ne3 {Strongly threatening Nd5+.} a3 58. Nc2 a2 59. Kg4 Kd6 60. Kf5 Bh8 61. g4 Kc5 62. g5 {g6 is the strong threat.} Kc4 $1 63. g6 {White threatens g7 and mate.} Kb3 64. g7 Bxg7 $1 65. hxg7 Kxc2 66. g8=Q a1=Q 67. Qc8+ Qc3 68. Qxc3+ Kxc3 {Av CentiPawn Loss W=-24/B=-22. Weighted=-59/-23} 1/2-1/2

[Event "USA-ch Seniors 2020"]
[Site "Saint Louis"]
[Date "2020.10.18"]
[Round "6.2"]
[White "Gurevich, Dmitry"]
[Black "Novikov, Igor"]
[Result "1/2-1/2"]
[WhiteElo "2399"]
[BlackElo "2554"]
[Annotator "TA"]
[PlyCount "23"]
[EventDate "2020.10.17"]
[EventType "tourn"]
[EventCountry "USA"]
[SourceTitle "playchess.com"]
[Source "ChessBase"]
[SourceQuality "1"]

{[%evp 16,23,-8,-7,11,0,0,-5,0,-18]} 1. d4 d5 2. c4 e6 3. Nc3 c6 4. e3 Nf6 5. Nf3 Nbd7 6. Bd2 Bd6 7. Bd3 O-O 8. O-O dxc4 9. Bxc4 {The position is equal.} a6 {D46: Semi-Slav: 5 e3 Nbd7 6 Bd3, Black avoids the Meran.} 10. a4 c5 {[#]} 11. h3 $146 ({Predecessor:} 11. Qe2 cxd4 12. exd4 b6 13. Bg5 h6 14. Bh4 Bb7 15. Ne5 Be7 16. Rad1 Nxe5 17. dxe5 {0-1 (42) Korotylev,A (2600)-Gelfand,B (2736) Moscow 2007}) 11... b6 12. Qe2 {A rather calm draw.} 1/2-1/2

[Event "USA-ch Seniors 2020"]
[Site "Saint Louis"]
[Date "2020.10.18"]
[Round "6.3"]
[White "Benjamin, Joel"]
[Black "Yermolinsky, Alex"]
[Result "1-0"]
[WhiteElo "2506"]
[BlackElo "2486"]
[Annotator "TA"]
[PlyCount "123"]
[EventDate "2020.10.17"]
[EventType "tourn"]
[EventCountry "USA"]
[SourceTitle "playchess.com"]
[Source "ChessBase"]
[SourceQuality "1"]

{[%evp 10,123,28,28,29,28,28,29,34,32,32,0,-2,-47,-26,-50,-46,-49,-45,-64,-57,-56,-64,-57,-38,-66,-66,-69,0,0,0,-6,-6,-12,-15,-10,-14,-14,-10,-4,-10,-24,-22,-31,-31,-31,-31,-31,-31,-31,-31,-45,-45,-45,0,0,0,0,0,0,0,0,0,0,0,0,0,0,0,0,8,0,6,0,0,0,0,0,0,0,0,0,391,385,333,309,496,285,630,531,1302,1274,1091,1113,29967,29968,29968,29969,29969,29964,29965,0,29966,0,29966,29967,29966,29967,29974,29975,29975,29976,29978,29979,29979,29980]} 1. e4 c5 2. Nf3 d6 3. Bb5+ Bd7 4. Bxd7+ Qxd7 5. c4 Nf6 6. Nc3 g6 {The main line 6...g6 scores better than 6...Nc6. B52: Sicilian: Moscow Variation with 3...Bd7.} 7. d4 cxd4 8. Nxd4 Bg7 {White has an edge.} 9. f3 O-O 10. Nde2 Rc8 11. b3 {[#]} b5 $146 ({Predecessor:} 11... a6 12. a4 Nc6 13. O-O Qc7 14. Rb1 Qa5 15. Bd2 Qc5+ 16. Kh1 Rd8 17. Be1 e6 18. Bh4 Rac8 19. Qd2 Rd7 20. f4 Qh5 21. Bg5 {1-0 (43) Laznicka,V (2651)-Rosko,L (2360) Czech Republic 2017}) 12. Nxb5 Nxe4 $1 13. Rb1 a6 14. Nbd4 Nf6 $1 15. Nc2 d5 16. Ne3 {[%cal Rc4d5]} Nc6 {Strongly threatening ...d4.} 17. cxd5 Nb4 {[%cal Rf6d5][%mdl 64] Double Attack} 18. Bb2 Nbxd5 (18... Rd8 $15 19. Qd4 Rab8) 19. Bxf6 $11 Nxf6 20. Qxd7 Nxd7 21. Nc4 Rab8 {Threatens to win with ...Rxc4!} 22. Kf2 Ne5 23. Nxe5 Bxe5 24. Rhc1 f5 ({Don't play} 24... Bxh2 $6 25. g3 $16) 25. h3 Kf7 26. Rxc8 Rxc8 27. Rc1 Rxc1 28. Nxc1 $15 {[%mdl 4096] Endgame KB-KN} Ke6 29. Nd3 Bd6 30. Nb2 Kd5 31. Ke3 e5 32. Na4 Bb4 33. Nb6+ Kc6 34. Nc4 Bc5+ 35. Kd3 Kd5 36. Ne3+ Ke6 37. Nc4 h5 38. a3 Ba7 39. Ne3 h4 40. Nc2 Bc5 41. Kc4 Kd6 42. b4 Ba7 43. a4 e4 44. fxe4 $1 fxe4 45. Nd4 $1 e3 $2 {[%mdl 8192] White leaves nothing to chance now.} (45... Bb6 $11) 46. Nf3 $1 $18 e2 {...Bf2 is the strong threat.} 47. Kd3 Kd5 $2 (47... Bb6 48. Kxe2 Bd8) 48. b5 (48. Kxe2 $142 g5 49. Nxg5) 48... a5 $2 (48... axb5 49. axb5 Bb6 50. Kxe2 Bd8) 49. Kxe2 Kc4 50. Ne5+ Kb3 51. Nd7 Kxa4 52. b6 Bxb6 53. Nxb6+ {KN-K3P} Kb5 54. Nd5 Kc4 55. Nb6+ Kb5 56. Nd5 Kc4 $1 {[%cal Rc4d5] [#]} 57. Nf4 $1 {[%cal Rf4g6] White mates.} Kc3 {[#]} 58. Kd1 $1 Kb2 59. Nxg6 a4 60. Ne5 Kb3 61. Kc1 a3 62. Kb1 {Av CentiPawn Loss W=-9/B=-84. Weighted=-10/-77} 1-0

[Event "USA-ch Seniors 2020"]
[Site "Saint Louis"]
[Date "2020.10.18"]
[Round "6.4"]
[White "Wolff, Patrick"]
[Black "Alexander Shabalov"]
[Result "1-0"]
[WhiteElo "2552"]
[BlackElo "2577"]
[Annotator "TA"]
[PlyCount "101"]
[EventDate "2020.10.17"]
[EventType "tourn"]
[EventCountry "USA"]
[SourceTitle "playchess.com"]
[Source "ChessBase"]
[SourceQuality "1"]

{[%evp 15,101,44,43,0,48,-7,-12,-18,-9,-10,40,38,38,33,32,30,41,35,29,38,27,33,27,30,30,26,28,31,28,32,28,20,30,10,29,17,28,4,19,10,37,44,135,141,127,128,233,224,182,174,166,167,199,198,284,272,318,277,420,270,242,195,194,162,170,161,160,75,75,75,360,95,455,445,521,510,543,542,543,543,887,797,789,725,1269,1269,1035,797]} 1. e4 c5 2. c3 Nf6 3. e5 Nd5 4. Bc4 Nb6 5. Bb3 c4 6. Bc2 Nc6 7. Nf3 d5 8. exd6 Qxd6 9. Na3 {B22: Sicilian: 2 c3.} Qe6+ (9... Ne5 {looks sharper.} 10. O-O Bg4 11. Ba4+ Nxa4 12. Qxa4+ Bd7) 10. Qe2 (10. Kf1 $1 $14) 10... Qxe2+ $11 11. Kxe2 {The position is equal.} Be6 12. b3 {[#]} O-O-O $146 ({Predecessor:} 12... f6 13. bxc4 Nxc4 14. Bb3 N6a5 15. Nd4 Bg8 16. Ba4+ Kd8 17. Nb3 e5 18. Nxa5 Nxa5 {½-½ (45) Mahajan,A (1605)-Ruperez,M (2146) Barbera del Valles 2019}) 13. Ng5 Bd5 14. bxc4 Nxc4 15. Nxc4 {[#] Threatens to win with Ne3.} Bxc4+ 16. d3 Bd5 17. Bb3 f6 18. Nf7 Bxf7 $1 19. Bxf7 {aiming for Be6+.} e5 20. Be3 Kc7 21. h4 Ba3 22. Rab1 Rhf8 23. Bb3 Rfe8 24. g4 b6 25. Ba4 Re6 26. Kd2 Red6 27. Bb5 Na5 28. f4 Nb7 (28... Bc5 $14) 29. fxe5 $16 fxe5 30. Rhf1 Nc5 (30... Rg6 $16) 31. Rf7+ $18 Kb8 {[%cal Rc5d3]} 32. Bxc5 Bxc5 33. Rxg7 Rf6 34. Re1 ({Less strong is} 34. Rxh7 Rf2+ 35. Kd1 Rdf8 $14) 34... Rf2+ (34... Bf2 $142) 35. Re2 h6 36. Bc6 a5 (36... Rf6 $142) 37. a4 Rdf8 38. Rb7+ Kc8 39. Rh7 Rxe2+ 40. Kxe2 {[%mdl 4096] Endgame KRB-KRB} Rf2+ 41. Kd1 (41. Ke1 $142 Rf6 42. Bd7+ Kd8 43. Bf5) 41... Be3 $16 42. Be4 Ra2 $2 {[%mdl 8192] [#]} (42... Kd8 $16) 43. Re7 $2 (43. Rg7 $18) 43... Bf4 $2 {[%mdl 8192]} (43... Rd2+ $16 44. Ke1 Rb2 45. Rxe5 Bf2+ 46. Kf1 Bxh4) 44. Rg7 $18 {White is clearly winning.} Rxa4 45. g5 hxg5 46. hxg5 Ra1+ 47. Kc2 a4 48. g6 Rc1+ 49. Kb2 a3+ 50. Kxa3 Rxc3+ 51. Kb2 {Av CentiPawn Loss W=-29/B=-45. Weighted=-26/-61} 1-0

[Event "USA-ch Seniors 2020"]
[Site "Saint Louis"]
[Date "2020.10.18"]
[Round "6.5"]
[White "Goldin, Alexander"]
[Black "Getz, Shelby"]
[Result "1-0"]
[WhiteElo "2542"]
[BlackElo "2298"]
[Annotator "TA"]
[PlyCount "145"]
[EventDate "2020.10.17"]
[EventType "tourn"]
[EventCountry "USA"]
[SourceTitle "playchess.com"]
[Source "ChessBase"]
[SourceQuality "1"]

{[%evp 10,145,13,16,25,11,11,12,22,18,15,0,19,0,27,22,28,3,27,41,37,37,68,33,39,0,10,-9,0,13,12,0,27,32,26,31,45,60,63,62,72,68,243,234,241,234,236,241,408,399,382,358,372,368,350,283,283,281,276,276,257,77,212,111,109,100,103,43,52,58,580,67,70,68,77,63,193,116,558,554,502,400,318,273,276,265,241,170,169,163,174,156,124,112,105,57,178,45,61,3,8,0,8,0,8,8,8,0,153,0,7,0,175,181,196,181,188,0,0,0,0,0,0,0,0,0,0,0,0,0,0,0,0,0,29983,29984,29984,29979]} 1. c4 Nc6 2. Nc3 e5 3. Nf3 Nf6 4. g3 Bc5 5. Bg2 d6 6. O-O a6 {A29: English Opening: Four Knights Variation with 4 g3.} 7. a3 O-O 8. b4 Ba7 {The position is equal.} 9. Bb2 Re8 10. d3 h6 11. Rc1 Bg4 12. h3 Be6 13. e3 Qd7 14. Kh2 {[#]} Rad8 $146 ({Predecessor:} 14... Ne7 15. Nd2 c6 16. c5 d5 17. Ne2 Bb8 18. e4 Ng6 19. Qc2 Bc7 20. Rcd1 Rad8 {½-½ (28) Grischuk,A (2771)-Movsesian,S (2721) Moscow 2010}) 15. Qc2 Bf5 16. Nd2 Ne7 17. Nde4 Nh7 18. Nd5 Be6 19. Nxe7+ Qxe7 20. Rce1 f5 21. Nd2 c6 22. f4 Bb8 23. Nf3 exf4 24. exf4 Qf7 25. Qf2 b5 $2 (25... Nf8 $14) 26. Nd4 $18 Ba7 27. c5 dxc5 28. Nxc6 ({Stronger than} 28. Nxe6 Rxe6 29. Rxe6 (29. bxc5 Rxd3 30. Qc2 Rd8 $11) 29... Qxe6 $14) 28... Rxd3 $2 (28... Bd5) 29. Ne5 c4 30. Qe2 (30. Nxf7 Bxf2 31. Nxh6+ gxh6 $11) 30... Qf6 31. Nxd3 cxd3 32. Qd2 Qd8 33. Rf3 Bc4 {White must now prevent ...Rxe1.} 34. Rxe8+ Qxe8 35. Bf1 $2 (35. Rxd3 $18 {Strongly threatening Rd8!} Bxd3 36. Qxd3) 35... Qe4 {[#]} (35... Qc6 $16 {is a better defense.} 36. Rxd3 Bxd3 37. Bxd3 (37. Qxd3 Qb6 $14) 37... g6) 36. Rxd3 $40 {[%mdl 128] White has strong attack.} (36. Qc3 $1 $18 {[%csl Gb2][%cal Rc3g7][%mdl 512]} Nf6 37. Bxd3) 36... Bxd3 $16 37. Bxd3 Qe6 38. Be5 ({Better is} 38. Qg2 $16 {Qa8+ is the strong threat.} Bb6 39. h4) 38... Nf6 $14 39. Qg2 {And now Qa8+ would win.} Nd5 $2 {[%mdl 8192]} (39... Kf7 $14) 40. Bxf5 $2 (40. Bb1 $18) 40... Qxf5 41. Qxd5+ Kh7 42. h4 Bf2 {[#]} ({Black should play} 42... h5 $1 $14) 43. Qf3 (43. Qb7 $1 $18 {[%csl Ge5][%cal Rb7g7]} Qg4 44. Qe4+ Kh8 45. Qd3) 43... Be1 $2 {[%mdl 8192]} (43... Bb6 $16 44. g4 Qd7) 44. Qe2 $18 Qb1 45. h5 a5 46. Qg4 {[%csl Ge5][%cal Rg4g7]} Qa2+ 47. Kh3 {[%csl Ge5][%cal Rg4g7]} Qf7 48. Qe2 Qd7+ 49. g4 Bd2 {intending ...Qd5.} 50. Qe4+ Kg8 51. bxa5 Bxa5 52. Bd4 Bc7 {[#]} (52... Bd8 $14) 53. Kg3 ({Only move:} 53. f5 $1 $18) 53... Bd8 $14 54. Kf3 (54. Bc5 $14) 54... Be7 $11 55. Qe5 {[%csl Gd4][%cal Re5g7]} Bxa3 (55... Bf6 $5 56. Qb8+ $8 Kh7 57. Bxf6 Qd3+ 58. Kf2 Qd2+ 59. Kf3 Qd3+ 60. Kg2 Qd2+ 61. Kh1 Qd1+ 62. Kh2 Qd2+ 63. Kg3 Qe3+ 64. Kh4 Qf2+ 65. Kh3 Qf3+ {[%mdl 64] Double Attack} 66. Kh4 Qf2+ 67. Kh3 Qf3+ {[%mdl 64] Double Attack} 68. Kh4 Qf2+ $11) 56. g5 Qc6+ 57. Kg3 {[%csl Gd4][%cal Re5g7]} Bf8 58. g6 Qd7 $2 (58... b4 $11) 59. Kg2 $2 ({White must play} 59. Qe4 $16) 59... b4 60. f5 Qb7+ $2 (60... Qc6+ $11 {and Black is okay.} 61. Kf2 Qc2+ 62. Kg3 Qd3+ 63. Kg4 Qd1+ 64. Kh4 Be7+ 65. Kg3 (65. Qxe7 Qxd4+ 66. Kh3 Qd3+ 67. Kg4 Qd4+ 68. Kh3 Qd3+ 69. Kg4 Qd4+ 70. Kh3 $11) 65... Qd3+ 66. Kg4 Qd1+ 67. Kf4 Bg5+ 68. Ke4 Qe2+ 69. Kd5 Qb5+ 70. Bc5 Qd3+ 71. Bd4 Qb5+ 72. Bc5 Qb7+ 73. Kc4 Qa6+ 74. Kxb4 Qb7+ 75. Kc4 Qa6+ 76. Kb4 Qb7+ 77. Ka5 Bd8+ 78. Ka4 Qa6+ 79. Kb4 Qa5+ 80. Kb3 Qb5+ 81. Kc2 Qc4+ 82. Kd2 Bg5+ 83. Be3 Qb4+ 84. Kd3 Qb3+ 85. Ke2 Qc4+ 86. Kd2 Qb4+ 87. Kd3 Qb3+ 88. Ke2 Qc4+ 89. Kd2) 61. Kg3 Qe7 62. Qd5+ Kh8 63. Qf7 $2 (63. Kf3 $18) 63... Qg5+ 64. Kf2 {[%cal Rf7f8]} Qf4+ 65. Ke2 {[%cal Rf7f8]} Qe4+ 66. Be3 {[%cal Rf7f8]} Qc2+ 67. Kf3 {[%cal Rf7f8]} Qc6+ 68. Kf2 {[%cal Rf7f8]} Qd6 69. Bxh6 Qh2+ 70. Ke3 {[%cal Rf7f8]} Bc5+ 71. Kd3 {[%csl Gf7][%cal Rh6g7]} Qg3+ $2 {[%mdl 8192] [#]} (71... Qd6+ $11 72. Kc4 Qa6+ 73. Kxc5 Qa5+ 74. Kd6 Qa6+ 75. Ke7 Qa7+ 76. Kf8 Qc5+ 77. Ke8 Qc8+ 78. Ke7 Qc7+ 79. Ke6 Qc6+ 80. Ke5 Qc5+ 81. Qd5 Qe7+ 82. Qe6 Qc7+ 83. Ke4 Qb7+ 84. Ke3 Qb8) 72. Kc4 $1 {[%csl Gf7][%cal Rh6g7]} Qc3+ 73. Kb5 {Av CentiPawn Loss W=-31/B=-46. Weighted=-35/-86} 1-0

[Event "USA-ch Seniors 2020"]
[Site "Saint Louis"]
[Date "2020.10.19"]
[Round "7.2"]
[White "Novikov, Igor"]
[Black "Benjamin, Joel"]
[Result "1/2-1/2"]
[WhiteElo "2554"]
[BlackElo "2506"]
[Annotator "TA"]
[PlyCount "73"]
[EventDate "2020.10.17"]
[EventType "tourn"]
[EventCountry "USA"]
[SourceTitle "playchess.com"]
[Source "ChessBase"]
[SourceQuality "1"]

{[%evp 9,73,26,22,20,31,24,28,27,34,22,3,3,4,16,29,22,20,3,8,0,0,-17,-19,-20,-6,-25,0,-16,-11,-29,-18,-33,-22,-10,0,-10,-8,-8,-8,-8,-8,-8,-8,-18,-17,-40,-21,-93,-96,-249,-137,-133,-128,-130,0,-20,-8,-8,0,0,0,-8,0,0,0,-8]} 1. d4 Nf6 2. c4 e6 3. Nf3 d5 4. Nc3 a6 5. cxd5 exd5 6. Bg5 {D37: Queen's Gambit Declined: 5 Bf4.} Be6 7. e3 Nbd7 8. Bd3 {White has an edge.} Bd6 9. Bf4 Bxf4 10. exf4 {Threatens to win with f5.} Bg4 11. Qe2+ Kf8 $1 {[#]} 12. h3 $146 ({Predecessor:} 12. O-O c6 13. Rfe1 g6 14. h3 Bxf3 15. Qxf3 Kg7 16. g4 {½-½ (16) Rodshtein,M (2685)-Smirin,I (2594) Netanya 2019}) 12... Bxf3 $1 13. Qxf3 Qe7+ 14. Be2 Nb6 15. a3 Ne4 16. Rc1 c6 17. Nxe4 Qxe4 18. Qxe4 dxe4 19. Kd2 Rd8 20. Ke3 f5 {Strongly threatening ...Nd5+.} 21. Bc4 $1 Ke7 22. b4 Nd5+ 23. Bxd5 $1 Rxd5 $11 {[%mdl 4096] Endgame KRR-KRR} 24. Rc5 Rhd8 25. Rxd5 Rxd5 {KR-KR} 26. Rc1 a5 27. Rc4 Kd6 28. g4 {[#]} (28. f3 $1 $11) 28... g6 $1 $17 29. g5 $2 (29. a4 $17 {is a better defense.}) 29... b6 (29... axb4 $19 {Hoping for ...b3.} 30. Rxb4 Ra5) 30. Rc2 Rb5 31. Rb2 {[#]} axb4 (31... Kd5 $1 $17 {aiming for ...Kc4.} 32. h4 c5 33. dxc5 bxc5 34. Rd2+ Kc6 35. bxc5 Rxc5) 32. axb4 $11 {The position is equal.} Kd5 33. h4 Kc4 34. Rc2+ Kd5 35. Rb2 Kc4 36. Rc2+ Kd5 37. Rb2 {Av CentiPawn Loss W=-13/B=-11. Weighted=-13/-14} 1/2-1/2

[Event "USA-ch Seniors 2020"]
[Site "Saint Louis"]
[Date "2020.10.19"]
[Round "7.3"]
[White "Christiansen, Larry"]
[Black "Gurevich, Dmitry"]
[Result "1/2-1/2"]
[WhiteElo "2567"]
[BlackElo "2399"]
[Annotator "TA"]
[PlyCount "46"]
[EventDate "2020.10.17"]
[EventType "tourn"]
[EventCountry "USA"]
[SourceTitle "playchess.com"]
[Source "ChessBase"]
[SourceQuality "1"]

{[%evp 9,46,-19,-18,-12,-22,-21,-10,-26,-12,-34,-31,-35,-32,-39,-34,-36,-30,-41,-43,-43,-45,-26,0,0,0,0,0,-10,-16,-15,-6,-16,-9,-25,-4,-72,-81,-72,-7]} 1. d4 Nf6 2. Nc3 d5 3. Bg5 Nbd7 4. e3 h6 5. Bf4 a6 6. h3 {D01: Veresov Opening.} e6 7. Nf3 b5 {[#]} 8. Bd3 $146 {The position is equal.} ({Predecessor:} 8. g4 Bb7 9. Bg2 c5 10. O-O Be7 11. Ne2 Ne4 12. Ne5 cxd4 13. Nxd4 Nxe5 14. Bxe5 {0-1 (34) Fuglsang,F-Kristiansen,J (2365) Gladsaxe 1979}) 8... Bb7 9. Ne5 c5 10. a3 Be7 11. O-O O-O 12. Re1 Rc8 13. Qf3 c4 14. Be2 Nxe5 15. Bxe5 Ne4 16. Nxe4 dxe4 17. Qg4 {[%csl Ge5][%cal Rg4g7] [#]} Bg5 18. h4 f5 $36 {[%mdl 2048] Black has the initiative.} 19. Qg3 Bf6 20. c3 a5 21. h5 Bd5 22. Qg6 (22. f4 $11) 22... Bxe5 $17 23. dxe5 Qg5 {Av CentiPawn Loss W=-7/B=-7. Weighted=-10/-7} (23... Qc7 $17 24. Qg3 Rf7) 1/2-1/2